000
00207nam a22000857a 4500
008
170527b xxu||||| |||| 00| 0 eng d
100
_9
3161
_a
CBSE
245
_a
Hindi Sample paper 9
260
_a
New delhi
_b
GBP
_c
2010
999
_c
6460
_d
6460